[Event "BCF-chT2 9798 (4NCL)"]
[Site "England"]
[Date "1997.10.26"]
[Round "2.7"]
[White "Bautista, Marc C"]
[Black "Martin, Barry"]
[Result "1/2-1/2"]
[WhiteElo "2115"]
[BlackElo "2010"]
[PlyCount "29"]
[EventDate "1997.11.??"]
[EventType "team"]
[EventRounds "11"]
[EventCountry "ENG"]
[SourceTitle "EXT 1999"]
[Source "ChessBase"]
[SourceDate "1998.11.16"]
[SourceVersion "1"]
[SourceVersionDate "1998.11.16"]
[SourceQuality "1"]
[WhiteTeam "Barbican II"]
[BlackTeam "Simpsons"]
[WhiteTeamCountry "ENG"]
[BlackTeamCountry "ENG"]

1. e4 c5 2. Nf3 e6 3. d3 Be7 4. g3 b6 5. Bg2 Bb7 6. 0-0 Nc6 7. Re1 Nf6 8. Nbd2 h6 9. Nf1 d5 10. exd5 Nxd5 11. Ne5 Nxe5 12. Rxe5 Qd7 13. Qf3 Bf6 14. Rh5 0-0-0 15. a3 1/2-1/2

[Event "Hawaii op"]
[Site "Honolulu"]
[Date "1997.??.??"]
[Round "?"]
[White "Heinola, Kari P"]
[Black "Martin, Barry"]
[Result "1-0"]
[WhiteElo "2210"]
[BlackElo "2010"]
[PlyCount "97"]
[EventDate "1997.04.??"]
[EventType "swiss"]
[EventRounds "11"]
[EventCountry "USA"]
[SourceTitle "EXT 1998"]
[Source "ChessBase"]
[SourceDate "1997.11.17"]
[SourceVersion "1"]
[SourceVersionDate "1997.11.17"]
[SourceQuality "1"]

1. f4 Nf6 2. Nf3 c5 3. b3 d5 4. Bb2 Nc6 5. e3 e6 6. Bb5 Bd7 7. 0-0 Qb6 8. Bxc6 Bxc6 9. Ne5 Bd6 10. d3 Qc7 11. Nd2 0-0-0 12. Qe2 Ne8 13. e4 f6 14. Nxc6 Qxc6 15. c4 d4 16. e5 Be7 17. exf6 gxf6 18. Rae1 Ng7 19. Bc1 Rde8 20. Qe4 Qxe4 21. dxe4 Rhf8 22. Nf3 Bd8 23. Bd2 Be7 24. a3 Rd8 25. Kf2 Rf7 26. Ke2 Ne8 27. Kd3 Rg7 28. Rg1 Nc7 29. g3 Bf8 30. Nh4 Rg4 31. Nf3 Rg7 32. Nh4 Rg4 33. Nf3 Rg7 34. Re2 Rgd7 35. Reg2 Bh6 36. g4 Rd6 37. h4 Rb6 38. Rb1 Bg7 39. g5 Rf8 40. b4 fxg5 41. hxg5 Ra6 42. Rb3 cxb4 43. axb4 Ra2 44. Rh2 Rh8 45. f5 exf5 46. exf5 Rf8 47. f6 Bxf6 48. gxf6 Rxf6 49. Nxd4 1-0